000 00254nam a22001097a 4500
008 170118b xxu||||| |||| 00| 0 eng d
020 _a9781451176940
041 _aeng
080 _a618.2
245 _aSTEP-UP TO USMLE STEP 1
_cJENKINS, B
942 _2udc
_cBK
999 _c3108
_d3108